Изучение кинетики термолиза некоторых оксикарбоновых кислот в неизотермических условиях; Молодые ученые и специалисты Томской области в девятой пятилетке

Podrobná bibliografie
Parent link:Молодые ученые и специалисты Томской области в девятой пятилетке.— 1975.— С. 118-121
Další autoři: Белихмаер Я. А., Искрин В. М., Шишмина Л. В. Людмила Всеволодовна, Ванюшина И. В.
Jazyk:ruština
Vydáno: 1975
Témata:
Médium: Kapitola
KOHA link:https://koha.lib.tpu.ru/cgi-bin/koha/opac-detail.pl?biblionumber=152352

MARC

LEADER 00000naa2a2200000 4500
001 152352
005 20240118112151.0
035 |a (RuTPU)RU\TPU\book\165182 
035 |a RU\TPU\tpu\15306 
090 |a 152352 
100 |a 20090130d1975 k y0rusy50 ca 
101 0 |a rus 
102 |a RU 
200 1 |a Изучение кинетики термолиза некоторых оксикарбоновых кислот в неизотермических условиях  |f Я. А. Белихмаер [и др.] 
463 0 |0 (RuTPU)RU\TPU\book\26143  |t Молодые ученые и специалисты Томской области в девятой пятилетке  |i Секция: Химия  |o тезисы докладов научно-практической конференции, Томск  |f под ред. Ю. Г. Кряжева  |v С. 118-121  |d 1975  |p 219 с. 
610 1 |a труды учёных ТПУ 
701 1 |a Белихмаер  |b Я. А. 
701 1 |a Искрин  |b В. М. 
701 1 |a Шишмина  |b Л. В.  |c российский геолог  |c доцент Томского политехнического университета, кандидат химических наук  |f 1951-  |g Людмила Всеволодовна  |3 (RuTPU)RU\TPU\pers\26106  |9 11936 
701 1 |a Ванюшина  |b И. В. 
801 1 |a RU  |b 63413507  |c 20081118  |g PSBO 
801 2 |a RU  |b 63413507  |c 20150525  |g PSBO 
942 |c BK